| 000 | 00348 a2200109 4500 | ||
|---|---|---|---|
| 020 | _a3433014515 | ||
| 082 | _a624.1513 SMO | ||
| 100 | _aSmoltczyk, Ulrich | ||
| 245 |
_aGeotechnical engineering Handbook [vol 3] _cEditor Ulrich Smoltczyk |
||
| 260 |
_aBerlin : _bErnst and Sohn A Wiley Company, _c2002 |
||
| 300 |
_axix, 787p. : _bill. ; _c25 cm |
||
| 650 | _aGeotechnical engineering | ||
| 999 |
_c1017 _d1017 |
||